000 00823nam a2200169Ia 4500
008 110201s9999 xx 000 0 und d
082 _bB10830
_aS 2113
100 _aसंपा : पिंगळे पराग
245 _aसाद सागराची : श्रीवर्धन, हरिहरेश्वर, दिवेआगर
260 _bबुक पब्लिकेशन
365 _b50
600 _aसंपा : पिंगळे पराग
630 _aसाद सागराची : श्रीवर्धन, हरिहरेश्वर, दिवेआगर
700 _aसंपा : पिंगळे पराग
730 _aसाद सागराची : श्रीवर्धन, हरिहरेश्वर, दिवेआगर
942 _cBOOK
999 _c836227
_d836224